Capitals that aren't the Most Populous City - Statistics

General Stats
  • This quiz has been taken 123 times
  • The average score is 19 of 26
Answer Stats
Answer % Correct
Oceania Canberra (Australia)
96%
North America Washington D. C. (United States)
96%
Asia Beijing (China)
92%
Africa Bloemfontein, Cape Town, Pretoria (South Africa)
92%
South America Brasilia (Brazil)
92%
Oceania Wellington (New Zealand)
90%
North America Ottawa (Canada)
88%
Asia Ankara (Turkey)
86%
Asia New Delhi (India)
84%
South America La Paz, Sucre (Bolivia)
82%
South America Quito (Equador)
82%
Africa Abuja (Nigeria)
80%
Africa Rabat (Morocco)
80%
Asia Abu Dhabi (United Arab Emirates)
71%
Asia Astana (Kazakhstan)
71%
Europe Bern (Switzerland)
69%
Asia Islamabad (Pakistan)
69%
North America Belmopan (Belize)
65%
Africa Dodoma (Tanzania)
63%
Asia Hanoi (Vietnam)
61%
Asia Sri Jayawardenapura Kotte (Sri Lanka)
57%
Africa Yaounde (Cameroon)
53%
Africa Yamoussoukro (Ivory Coast)
51%
Asia Damascus (Syria)
45%
Africa Gitega (Burundi)
39%
Africa Porto Novo (Benin)
35%
No matching quizzes found
Score Distribution
Percent of People with Each Score
Percentile by Number Answered
Your Score History
You have not taken this quiz